| 000 | 01042nam a2200289 i 4500 | ||
|---|---|---|---|
| 001 | 54734 | ||
| 003 | ES-MaACL | ||
| 005 | 20250824214705.0 | ||
| 007 | t| | ||
| 008 | 040113s2002 sp b |||| |dspa d | ||
| 080 | _a930.858(460=411.21) | ||
| 080 | _a930.85(368) | ||
| 080 | _a929 Ghazal | ||
| 245 | 0 | 0 |
_aAl-Ghazal y la embajada hispano-musulmana a los vikingos en el siglo IX / _c[artículos de W.E.D. Allen y Abdurrahman A. El Hajji] ; Mariano G. Campo, ed. |
| 260 |
_aMadrid : _bMiraguano, _c2002. |
||
| 300 |
_a181 p. : _bmapas ; _c24 cm. |
||
| 490 | 1 | _aLibros de los malos tiempos. Serie mayor | |
| 600 | 1 | 4 |
_aGhazal, Yahyá ibn al-Hakam. _9147891 |
| 650 | 4 |
_aVikingos- _zEspaña. _917807 |
|
| 651 | 4 |
_aAl-Andalus- _xHistoria- _yS.IX. _97612 |
|
| 700 | 1 |
_aHajji, Abd al-Rahman Ali. _961505 |
|
| 700 | 1 |
_aGonzález Campo, Mariano. _9147890 |
|
| 700 | 1 |
_aAllen, W. E. D. ( _qWilliam Edward David) _9147892 |
|
| 830 | 0 | 0 |
_aLibros de los malos tiempos _9178824 |
| 852 |
_aES-MaACL _jL-26778 |
||
| 999 |
_c54734 _d54734 |
||